000 00420nam a2200169 a 4500
001 2678
005 20140414131902.0
008 050924s19uu xx 00 eng d
020 _a0-448-08953-X
050 _aFIC
_bD54 #53
100 _aFranklin W. Dixon
245 _aThe clue of the hissing serpent.
260 _aNew York :
_bGrosset and Dunlap.
300 _ap. ; cm.
440 _aHardy boys
999 _c110727
_d110727